[Event "1.CLZ 24/25,Cesky lev Kolesovice-Slavoj Litomerice"]
[Site "Kolesovice"]
[Date "2025.03.23"]
[Round "10.6"]
[White "Ret, Adam"]
[Black "Ksana, Vaclav"]
[WhiteElo "2109"]
[BlackElo "2127"]
[Result "1/2-1/2"]

1. d4 d5 2. Nf3 Nf6 3. g3 e6 4. Bg2 Be7 5. O-O O-O 6. c4 c6 7. Qc2 Nbd7 8. Nbd2
b6 9. e4 dxe4 10. Nxe4 Nxe4 11. Qxe4 Bb7 12. Rd1 Nf6 13. Qe2 Qc7 14. Bf4 Bd6
15. Bxd6 Qxd6 16. Ne5 Rab8 17. Rd2 c5 18. Bxb7 Rxb7 19. Rad1 cxd4 20. Rxd4 Qc5
21. b3 Rc7 22. Rd8 Rc8 23. R8d4 h6 24. h3 Qa5 25. Nd7 Nxd7 26. Rxd7 Rc5 27. Qd2
Rf5 28. Qxa5 Rxa5 29. a4 Ra8 30. Rb7 Rf5 31. Kg2 e5 32. Rdd7 e4 33. Rxa7 Rxa7
34. Rxa7 Rf3 35. Ra8+ Kh7 36. Rb8 Rxb3 37. a5 Rb4 38. axb6 Rxc4 39. b7 Rb4
 1/2-1/2

[Event "1.CLZ 24/25,Cesky lev Kolesovice-Slavoj Litomerice"]
[Site "Kolesovice"]
[Date "2025.03.23"]
[Round "10.7"]
[White "Cozl, David"]
[Black "Filindash, Nikita"]
[WhiteElo "1937"]
[BlackElo "2085"]
[Result "0-1"]

1. Nf3 d5 2. g3 e6 3. Bg2 Nf6 4. O-O Be7 5. c4 O-O 6. cxd5 exd5 7. d4 c6 8. Nc3
Bf5 9. Nh4 Bg4 10. h3 Be6 11. Qc2 Qc8 12. Kh2 Ne8 13. Nf3 Bf5 14. Qd1 Nd7 15.
Bf4 Nd6 16. Rc1 Qd8 17. Qb3 Qb6 18. Qxb6 axb6 19. a4 Ne4 20. b3 Ba3 21. Ra1
Nxc3 22. Rxa3 Nxe2 23. Be3 Nc3 24. Rc1 Ne4 25. Nh4 Be6 26. Raa1 Ra7 27. g4 Rfa8
28. Rab1 g6 29. Bf1 Rf8 30. Bh6 Re8 31. Be3 f6 32. Be2 g5 33. Ng2 Bf7 34. Rb2
Raa8 35. h4 h6 36. Bd3 Nf8 37. h5 Re7 38. f3 Nd6 39. Kg3 Ne6 40. Kf2 Ng7 41.
Bd2 Rae8 42. Bb4 Rd7 43. Ne3 Be6 44. Re1 Rc8 45. Rc2 Nf7 46. Bg6 c5 47. Bc3 Nd8
48. Rce2 Bf7 49. Nf5 Bxg6 50. hxg6 Nxf5 51. Re8+ Kg7 52. gxf5 Rcc7 53. Kg3 Nc6
54. dxc5 bxc5 55. R8e6 d4 56. Bd2 Re7 57. f4 Rxe6 58. Rxe6 Re7 59. fxg5 hxg5
60. Rd6 Rc7 61. a5 Ne5 62. Re6 Nc6 0-1

[Event "1.CLZ 24/25,Cesky lev Kolesovice-Slavoj Litomerice"]
[Site "Kolesovice"]
[Date "2025.03.23"]
[Round "10.8"]
[White "Sokolovsky, Jakub"]
[Black "Urban, Tomas"]
[WhiteElo "2051"]
[BlackElo "1876"]
[Result "1-0"]

1. e4 d5 2. exd5 Qxd5 3. Nc3 Qa5 4. d4 c6 5. Nf3 Bf5 6. Bc4 e6 7. Bd2 Nf6 8.
Nd5 Qd8 9. Nxf6+ gxf6 10. O-O Rg8 11. Re1 Be7 12. Bf1 Bg4 13. Be3 Qd5 14. Kh1
Bxf3 15. Qxf3 Qxf3 16. gxf3 Nd7 17. c4 f5 18. d5 Bf6 19. f4 c5 20. Bg2 Bh4 21.
dxe6 fxe6 22. Bxb7 Rb8 23. Bc6 Ke7 24. Rad1 Nf6 25. Bxc5+ Kf7 26. b4 Ng4 27.
Re2 Rbd8 28. Red2 Bxf2 29. Rxd8 Rg6 30. Rf8+ 1-0